LEADER 01154nam0 2200325 450 001 000041057 005 20150901161227.0 100 $a20150722d1966----km-y0itaa50------ba 101 0 $aita 102 $aIT 200 1 $aT. S. Eliot$fRoberto Sanesi$cHemingway$fGiuseppe Trevisani 210 $aMilano$cCompagnia edizioni internazionali$d1966 215 $a80, 78 p.$cill.$d19 cm 225 2 $aGiano$v7 300 $aPubblicazione bifronte 410 0$12001$aGiano$v7 600 1$aHemingway,$bErnest 676 $a821.912$v(22. ed.)$9Poesia inglese. 1900-1945 676 $a813.5$v(22. ed.)$9Narrativa americana in inglese. 1900-1999 700 1$aSanesi,$bRoberto$0159837 701 1$aTrevisani,$bGiuseppe$0193097 801 0$aIT$bUniversità della Basilicata - B.I.A.$gREICAT$2unimarc 912 $a000041057 996 $aT. S. Eliot$91530807 997 $aUNIBAS BAS $aLETTERE CAT $aSTD103$b01$c20150722$lBAS01$h1222 CAT $aTTM$b30$c20150901$lBAS01$h1612 FMT Z30 -1$lBAS01$LBAS01$mBOOK$1BASA1$APolo Storico-Umanistico$2GEN$BCollezione generale$3FP/113707$6113707$5L113707$820150724$f02$FPrestabile Generale LEADER 01066nam0 22002771i 450 001 UON00106908 005 20231205102619.632 100 $a20020107d1986 |0itac50 ba 101 $ager 102 $aDE 105 $a|||| 1|||| 200 1 $aAltaramaische Grammatik$emit Bibliographie, Chrestomathie und Glossar$fvon Stanislav Segert 205 $a3. unveranderte Auflage 210 $aLeipzig$cVeb Verlag Enzyklopadie$d1975 215 $a 555 p.$d22 cm 606 $aLINGUA ARAMAICA$xGRAMMATICHE$3UONC005727$2FI 620 $aDE$dLeipzig$3UONL003218 676 $a492.2$cLINGUA ARAMAICA$v21 700 1$aSEGERT$bStanislav$3UONV010817$0640683 712 $aVEB Verlag Enzyklopädie$3UONV248253$4650 801 $aIT$bSOL$c20240220$gRICA 899 $aSIBA - SISTEMA BIBLIOTECARIO DI ATENEO$2UONSI 912 $aUON00106908 950 $aSIBA - SISTEMA BIBLIOTECARIO DI ATENEO$dSI GLOTT B 8 III 079 $eSI MC 9893 5 079 996 $aAltaramaische grammatik$91196219 997 $aUNIOR